00000000nam 2200000zi 4500
0019.944790
003CaOODSP
00520250127144107
006m     o  d f      
007cr mn|||||||||
008241104t20252025qucab   ob   f000 0 eng d
020 |a9780660743110
040 |aCaOODSP|beng|erda|cCaOODSP
0410 |aeng|beng|bfre
043 |an-cn-qu|an-cn-nu|ar------
0861 |aFs97-6/3643E-PDF
1001 |aParent, Geneviève J., |eauthor.
24510|aGenetic monitoring program for beluga (Delphinapterus leucas) harvested in the Nunavik and Nunavut (Belcher Islands) regions / |cby Geneviève J. Parent, Luca Montana, Claudie Bonnet, Éric Parent, Caroline Sauvé, Anne P. St-Pierre, Cortney Watt, Mike Hammill.
264 1|aMont-Joli, Québec : |bRegional Sciences Branch, Quebec Region, Fisheries and Oceans Canada, Maurice Lamontagne Institute, |c2025.
264 4|c©2025
300 |a1 online resource (vii, 34 pages) : |bcolour illustrations, colour maps.
336 |atext|btxt|2rdacontent
337 |acomputer|bc|2rdamedia
338 |aonline resource|bcr|2rdacarrier
4901 |aCanadian technical report of fisheries and aquatic sciences, |x1488-5379 ; |v3643
504 |aIncludes bibliographical references.
5203 |a"A genetic monitoring program for beluga harvested in Nunavik and Nunavut-Belcher Islands management units is ongoing at Fisheries and Oceans Canada (DFO). With this document, we aim to increase transparency in methods used and enable reproducible results in other laboratories analyzing similar tissues. This document presents 1) the extent of the tissue collection from Nunavik, 2) an improved haplotyping method, 3) an improved sex determination method, and 4) results for individual genetic assignment to the populations/stocks in the Hudson Bay-Strait Complex. Our results for the individual genetic assignment show that the updated genetic definition of the beluga summering in the distribution of the Eastern Hudson Bay designatable unit, recently identified as the Belcher Islands and Eastern Hudson Bay (BEL-EHB) stock, has led to increased uncertainty associated with this method. The high uncertainty makes this approach unsuitable for providing seasonal estimates of the number of BEL-EHB animals harvested in Nunavik and Nunavut-Belcher Islands. The alternative approach for annual updates of populations or stocks proportions harvested in Nunavik and Nunavut-Belcher Islands management areas is discussed"--Abstract, page vi.
546 |aIncludes abstracts in English and French.
650 0|aWhite whale|zQuébec (Province)|zNunavik|xGenetics.
650 0|aWhite whale|zNunavut|zBelcher Islands|xGenetics.
650 0|aWhite whale hunting|zQuébec (Province)|zNunavik.
650 0|aWhite whale hunting|zNunavut|zBelcher Islands.
650 0|aWhale populations|zQuébec (Province)|zNunavik.
650 0|aWhale populations|zNunavut|zBelcher Islands.
650 6|aBéluga|zQuébec (Province)|zNunavik|xGénétique.
650 6|aBéluga|zNunavut|zBelcher, Îles|xGénétique.
650 6|aBéluga|xChasse|zQuébec (Province)|zNunavik.
650 6|aBéluga|xChasse|zNunavut|zBelcher, Îles.
650 6|aBaleines|xPopulations|zQuébec (Province)|zNunavik.
650 6|aBaleines|xPopulations|zNunavut|zBelcher, Îles.
7101 |aCanada. |bDepartment of Fisheries and Oceans, |eissuing body.
7102 |aMaurice Lamontagne Institute, |eissuing body.
830#0|aCanadian technical report of fisheries and aquatic sciences ;|v3643.|w(CaOODSP)9.504449
85640|qPDF|s951 KB|uhttps://publications.gc.ca/collections/collection_2025/mpo-dfo/Fs97-6-3643-eng.pdf